|
|
|
|
| LEADER |
01233cam a2200253 7i4500 |
| 001 |
0000056786 |
| 005 |
20081021090000.0 |
| 008 |
081021s2006 -us 0 eng |
| 020 |
0 |
0 |
|a 1933863447
|
| 090 |
0 |
0 |
|a PE 1128
|b .O3 2006
|
| 245 |
0 |
0 |
|a Ocean Life
|c produced by Lancit Media Productions;
|f PBS Kids;
|f PBS Kids;
|f a productions of WNED-TV.
|
| 260 |
0 |
0 |
|a New York:
|b Western New York Broadcasting Association,
|c 2006.
|
| 300 |
|
|
|a 1 videodisc (90 min.):
|b sd. col.;
|c 4 3/4 in..
|
| 490 |
0 |
0 |
|a Reading rainbow
|
| 511 |
0 |
0 |
|a Hosted by LeVar Burton.
|
| 520 |
0 |
0 |
|a Brings great books to life onscreen through rich illustrations and live shows. Humphrey the lost whale: a true story tells the journey of one California humpback whale. "Wrong-way" Humphrey finds his way back to sea with the help of friends. Sam the sea cow is a true story about Sam the manatee who was rescued from a sewer drain and nursed back to health
|
| 538 |
0 |
0 |
|a DVD
|
| 650 |
0 |
0 |
|a Whales --
|x Drama
|
| 650 |
0 |
0 |
|a Manatees --
|x Drama
|
| 650 |
0 |
0 |
|a Ecology --
|x Drama
|
| 700 |
1 |
1 |
|a Burton, LeVar
|
| 700 |
1 |
1 |
|a Tokuda, Wendy
|
| 710 |
2 |
1 |
|a Western New York Broadcasting
|
| 999 |
|
|
|a 1100052674
|b Digital Video Disc
|c Bahan Sumber Media
|e BILIK BAHAN SUMBER MEDIA
|